Zborník železničného vojska ...
| Corporate Author: | |
|---|---|
| Format: | Serial |
| Language: | Slovak |
| PhysicalDescription: | zv. 20 cm |
| Published: |
Žilina
Veliteľstvo železničného vojska SR
[1995-2000]
|
| ISBN: | 8096791508 (brož. : r. 1997) 809681186X (brož. : r. 1998) 8096791516 (brož. : r. 1999) 8088829143 (brož. : r. 1996) 8096791524 (brož. : r. 2000) |
| Subjects: |
MARC
| LEADER | 00000cas a2200000 a 4500 | ||
|---|---|---|---|
| 001 | vtls001357408 | ||
| 003 | SK-MaSNL | ||
| 005 | 20260228155727.0 | ||
| 008 | 160415d19952000xo ar r 0y 0 0slo | ||
| 015 | |a SNBA1998/03-01105 (r. 1996) |a SNBA1999/05-01824 (r. 1997) |a SNBA2000/01-00289 (r. 1998) |a SNBA2001/03-00735 (r. 1999) |a SNBA2002/01-00088 (r. 2000) | ||
| 020 | |a 8096791508 (brož. : r. 1997) | ||
| 020 | |a 809681186X (brož. : r. 1998) | ||
| 020 | |a 8096791516 (brož. : r. 1999) | ||
| 020 | |a 8088829143 (brož. : r. 1996) | ||
| 020 | |a 8096791524 (brož. : r. 2000) | ||
| 035 | |a SNK000310901 | ||
| 040 | |a SNK |b slo |c SNK |e AACR2 | ||
| 041 | 0 | |a slo | |
| 044 | |a xo |c SK | ||
| 072 | 7 | |a 355/359 |x Vojenstvo. Obrana krajiny. Ozbrojené sily |2 konspekt | |
| 080 | |a 355.31:656.2 |2 2001 | ||
| 080 | |a (082) |2 2011 | ||
| 080 | |a 050 |2 2011 | ||
| 110 | 0 | |a Veliteľstvo Železničného vojska SR (Žilina, Slovensko) |4 aut |9 265220 | |
| 245 | 1 | 0 | |a Zborník železničného vojska ... |c Veliteľstvo Železničného vojska SR, Žilina |
| 260 | |a Žilina |b Veliteľstvo železničného vojska SR |c [1995-2000] | ||
| 300 | |a zv. |c 20 cm | ||
| 362 | 0 | |a [1995-2000] | |
| 500 | |a Súčasťou názvu je označenie bežného roku | ||
| 504 | |a Bibliogr. odkazy | ||
| 650 | 0 | 7 | |a železničné vojsko |2 SNKPH |9 64804 |
| 650 | 0 | 7 | |a Military railroads |2 SNKPHeng |9 265221 |
| 655 | 7 | |a zborníky |2 SNKPH |9 70165 | |
| 655 | 7 | |a Papers of several authors |2 SNKPHeng |9 153738 | |
| 910 | |a snk | ||
| 919 | |a 80-967915-0-8 | ||
| 919 | |a 80-968118-6-X | ||
| 919 | |a 80-967915-1-6 | ||
| 919 | |a 80-88829-14-3 | ||
| 919 | |a 80-967915-2-4 | ||
| 958 | |a TL | ||
| 958 | |a NB | ||
| 958 | |a ZB | ||
| 999 | |c 343 |d 343 | ||
| 952 | |0 0 |1 0 |4 0 |7 0 |8 0 |a SNK |b SNK |d 1999-12-01 |i snkKSP 11856/99 |l 0 |o snkČSD 2064/1998 |p 17A0211740 |r 2005-01-02 00:00:00 |w 2026-02-21 |y PREZ | ||
| 952 | |0 0 |1 0 |4 0 |7 0 |8 0 |a SNK |b SNK |d 1999-12-01 |i snkKSP 11857/99 |l 0 |o snkČSD 2064/1998 D1 |p 17A0219596 |r 2005-01-02 00:00:00 |w 2026-02-21 |y PREZ | ||
| 952 | |0 0 |1 0 |4 0 |7 0 |a SNK |b SNK |d 1998-01-20 |i snkKSP 479/98 |l 0 |o snkČSD 2064/2/1996 |p 17A0116640 |r 2005-01-02 00:00:00 |w 2026-02-21 |y PREZ | ||
| 952 | |0 0 |1 0 |4 0 |7 0 |a SNK |b SNK |d 1998-01-20 |i snkKSP 480/98 |l 0 |o snkČSD 2064/2/1996 D1 |p 17A0116713 |r 2005-01-02 00:00:00 |w 2026-02-21 |y PREZ | ||
| 952 | |0 0 |1 0 |4 0 |7 0 |a SNK |b SNK |d 2001-01-16 |i snkKSP 767/2001 |l 0 |o snkČSD 2064/1999 |p 17A0264146 |r 2005-01-02 00:00:00 |w 2026-02-21 |y PREZ | ||
| 952 | |0 0 |1 0 |4 0 |7 0 |a SNK |b SNK |d 2001-01-16 |i snkKSP 768/2001 |l 0 |o snkČSD 2064/1999 D1 |p 17A0264147 |r 2005-01-02 00:00:00 |w 2026-02-21 |y PREZ | ||
| 952 | |0 0 |1 0 |4 0 |7 0 |a SNK |b SNK |d 2001-10-04 |i snkKSP 11459/2001 |l 0 |o snkČSD 2064/2000 |p 17A0318052 |r 2005-01-02 00:00:00 |w 2026-02-21 |y PREZ | ||
| 952 | |0 0 |1 0 |4 0 |7 0 |a SNK |b SNK |d 2001-10-04 |i snkKSP 11460/2001 |l 0 |o snkČSD 2064/2000 D1 |p 17A0318053 |r 2005-01-02 00:00:00 |w 2026-02-21 |y PREZ | ||
| 952 | |0 0 |1 0 |4 0 |7 0 |a SNK |b SNK |d 1999-03-11 |i snkKSP 2612/99 |l 0 |o snkČSD 2064/1997 |p 17A0190464 |r 2005-01-02 00:00:00 |w 2026-02-21 |y PREZ | ||
| 952 | |0 0 |1 0 |4 0 |7 0 |a SNK |b SNK |d 1999-03-11 |i snkKSP 2613/99 |l 0 |o snkČSD 2064/1997 D1 |p 17A0185801 |r 2005-01-02 00:00:00 |w 2026-02-21 |y PREZ | ||


